MARC

LEADER 00000nas a2200000 a 4500
001 ssj0000695866
003 WaSeSS
005 20200512172242.0
006 m d
007 cr n
008 760620c19679999pl qx p s 0 b0pol c
010 |a  67039772   |z sn 87022661  
016 7 |a 010503332  |2 Uk 
022 |l 0025-1429  |y 0025-1429 
035 |a (WaSeSS)ssj0000695866 
040 |a PIT  |b eng  |c PIT  |d UCU  |d OCL  |d AIP  |d IUL  |d NSD  |d NST  |d DLC  |d OCLCQ  |d NUKAT  |d UBY  |d OCLCQ  |d IUL  |d UKMGB  |d OCLCQ  |d OCLCF  |d OCLCO  |d XFH  |d OCLCQ  |d WaSeSS 
041 0 |a pol  |b eng 
042 |a pcc  |a nsdp  |a premarc 
043 |a e-pl--- 
050 0 0 |a DK511.M24  |b M3 
050 1 4 |a D1  |b .S87x 
130 0 |a Studia historyczne (Kraków, Poland) 
210 0 |a Stud. hist. 
222 0 |a Studia historyczne 
245 1 0 |a Studia historyczne  |h [electronic resource] /  |c Polska Akademia Nauk, Oddział w Krakowie, Komisja Nauk Historycznych. 
260 |a Kraków :  |b Państwowe Wydawn. Naukowe, Oddz. w Krakowie,  |c 1967- 
310 |a Four no. a year 
362 0 |a Rok 10, zesz. 1/2- = 36/37- 
500 |a Rok 26, zesz. 1-<r. 32, zesz. 4> published by: Polska Akademia Nauk. Komisja Historyczna. 
506 |a License restrictions may limit access. 
515 |a Some issues published issued in a combined form. 
546 |a Text in Polish; summaries in English. 
588 |a Latest issue consulted: Rok 52, zesz. 3/4 (207/208), published in 2009. 
650 7 |a Historia  |v czasopisma.  |2 jhpk 
651 0 |a Małopolska (Poland)  |x History  |v Periodicals. 
651 0 |a Poland  |x History  |v Periodicals. 
651 7 |a Poland.  |2 fast  |0 (OCoLC)fst01206891 
651 7 |a Poland  |z Małopolska.  |2 fast  |0 (OCoLC)fst01242717 
655 0 |a Electronic journals. 
710 2 |a Polska Akademia Nauk.  |b Komisja Nauk Historycznych. 
710 2 |a Polska Akademia Nauk.  |b Komisja Historyczna. 
780 0 0 |t Małopolskie studia historyczne  |w (DLC) 92656522  |w (OCoLC)9453179 
850 |a CoU  |a DLC  |a InU  |a UPB 
856 4 0 |z Full text available from Research Library: 01/01/2013 to present  |u https://search.proquest.com/publication/2035626